Fogyasztói magatartás a turizmusban a közösségi média és az influenszerek hatása a Z generációra
| Main Author: | |
|---|---|
| Other Authors: | |
| Format: | Thesis |
| Kulcsszavak: | közösségi média marketing turizmus Y generáció Z generáció |
| Online Access: | http://dolgozattar.uni-bge.hu/60393 |
MARC
| LEADER | 00000nta a2200000 i 4500 | ||
|---|---|---|---|
| 001 | dolg60393 | ||
| 005 | 20260409150526.0 | ||
| 008 | 260409suuuu hu om 000 hun d | ||
| 040 | |a BGE Dolgozattár Repozitórium |b hun | ||
| 041 | |a hu | ||
| 100 | 1 | |a Bálint Boglárka | |
| 245 | 1 | 0 | |a Fogyasztói magatartás a turizmusban |b a közösségi média és az influenszerek hatása a Z generációra |c Bálint Boglárka |h [elektronikus dokumentum] |
| 520 | 3 | |a A szakdolgozat célja, hogy feltárja, hogy a közösségi média és az influenszerek, hogyan befolyásolják a Z generáció utazással kapcsolatos döntéseit, forráspreferenciáit, és költési szokásaikat. A dolgozat elméleti része a turizmus és turizmusmarketing, a desztináció és helymárkázás, a fogyasztói magatartás, a digitális kommunikáció és a közösségi média továbbá a generációs elméletek szakirodalma formálja. A turizmus szempontjából nagy jelentőséget kap a desztináció imázs, az online felhasználók által generált és közzétett tartalmak, illetve az influenszer-marketing, amely a közösségi médián keresztül kialakított kapcsolatokra és együttműködésekre épül. A generációs fejezet az Y és Z generációk technológiához, média kommunikációhoz való viszonyát és utazással kapcsolatos magatartásukat mutatja be. | |
| 695 | |a közösségi média | ||
| 695 | |a marketing | ||
| 695 | |a turizmus | ||
| 695 | |a Y generáció | ||
| 695 | |a Z generáció | ||
| 700 | 1 | |a Kapuszta dr. Ágnes |e ths | |
| 856 | 4 | 0 | |u http://dolgozattar.uni-bge.hu/60393/1/B%C3%A1lint%20Bogl%C3%A1rka%20ACLCP5.pdf |z Dokumentum-elérés |
| 856 | 4 | 0 | |u http://dolgozattar.uni-bge.hu/60393/2/B%C3%81LINT%20BOGL%C3%81RKA_biralatilap_alap_mester.pdf |z Dokumentum-elérés |